Statistics for U.S. General Knowledge #29

Click here to take the quiz!

General Stats

  • This quiz has been taken 8,065 times
  • The average score is 13 of 20

Answer Stats

Question' Answer % Correct
What is the best-selling brand of crayons in the United States?Crayola
93%
What metals are American pennies made from?2.5% Copper
87%
What company refers to its army of minimum-wage employees as "sandwich artists"?Subway
84%
What department store sponsors New York's Thanksgiving Day parade?Macy's
84%
What breed of dog is Snoopy?Beagle
75%
Which U.S. state did Bill Clinton govern?Arkansas
73%
What child actress was voted the top box office draw in the U.S. for
five straight years in the 1930s?
Shirley Temple
73%
What University's athletes are called the Fighting Irish?Notre Dame
66%
Who impersonated Sarah Palin on "Saturday Night Live"?Tina Fey
66%
What TV show asked the question "Who shot J.R.?"Dallas
65%
What is the capital of New Jersey?Trenton
63%
What family lived next door to the Simpsons?The Flanders
59%
What type of hat was famously worn by Jackie Kennedy?{Pill} Box
57%
Who founded CNN?Ted Turner
52%
Two African-Americans have served on the Supreme Court. Name either.Thurgood Marshall or
Clarence Thomas
51%
In what city would you find the intersection of Haight and Ashbury?San Francisco
50%
What Native America tribe was Geronimo a part of?Chiricahua Apache
47%
What is the octane rating of regular American gasoline?87
46%
What metals are American pennies made from?97.5% Zinc
46%
What celebrity chef says "Bam"?Emeril Lagasse
40%

Score Distribution

Percentile by Number Answered

Percent of People with Each Score

Your Score History

You have not taken this quiz